| 000 | 00972nam a2200229Ii 4500 | ||
|---|---|---|---|
| 003 | JO-AjNU | ||
| 005 | 20240623125608.0 | ||
| 008 | 230605s9999||||xx |||||||||||||| ||und|| | ||
| 040 |
_aJO-AjNU _bara _erda _cJO-AjNU |
||
| 041 | _aara | ||
| 050 | 1 | 4 | _aBP144.2010 |
| 100 | 3 |
_aإعداد أحمد إبراهيم اللواج؛ إشراف احمد العيادي, _eauthor _941268 |
|
| 245 | 0 | 0 | _aخيار الشرط وتطبيقاته في المصارف الإسلامية |
| 260 | _c2010 | ||
| 300 | _a58ورقه | ||
| 336 |
_atext _btxt _2rdacontent |
||
| 337 |
_aunmediated _bn _2rdamedia |
||
| 338 |
_avolume _bnc _2rdacarrier |
||
| 500 | _aرسالة جامعية (ماجستير في المصارف الإسلامية)--الاكاديمية العربية للعلوم المالية والمصرفية(دمشق)، 2010، يشتمل على المراجع الببلوغرافية ص(53-55) | ||
| 650 | 4 |
_aالمصارف الاسلامية _941269 |
|
| 942 |
_2lcc _cTHS |
||
| 999 |
_c21149 _d21149 |
||